Gemeinden Landkreis Amberg-Sulzbach - Statistiken

Allgemein
  • Dieses Quiz wurde 93 mal gespielt
  • Das Durchschnittsergebnis liegt bei 13 aus 27
Antwortstatistiken
Einwohner Gemeindeart Gemeinde % Korrekt
19.410 Stadt Sulzbach-Rosenberg
98%
6.306 Stadt Vilseck
70%
4.886 Markt Hahnbach
66%
5.630 Stadt Hirschau
66%
8.781 Stadt Auerbach in der Oberpfalz
60%
9.838 Gemeinde Kümmersbruck
60%
2.512 Gemeinde Neukirchen bei Sulzbach-Rosenberg
57%
891 Gemeinde Gebenbach
49%
3.383 Gemeinde Poppenricht
47%
1.797 Gemeinde Birgland
45%
1.937 Gemeinde Edelsfeld
45%
1.402 Gemeinde Etzelwang
45%
1.985 Gemeinde Illschwang
45%
1.717 Markt Königstein
45%
2.466 Markt Freihung
43%
1.189 Gemeinde Hirschbach
43%
4.232 Stadt Schnaittenbach
43%
2.092 Gemeinde Ammerthal
42%
2.660 Markt Rieden
42%
3.710 Gemeinde Ursensollen
42%
4.138 Gemeinde Freudenberg
40%
2.502 Markt Kastl
40%
2.066 Gemeinde Ensdorf
36%
2.421 Gemeinde Ebermannsdorf
34%
2.336 Markt Schmidmühlen
34%
1.532 Markt Hohenburg
32%
1.230 Gemeinde Weigendorf
19%
Keine übereinstimmenden Quizze gefunden
Verteilung der Resultate
Anzahl Personen mit jedem Resultat
Perzentil nach korrekt beantworteten Fragen
Ihre Resultats-Entwicklung
Sie haben dieses Quiz noch nicht gespielt